| 000 | 00979nam a2200253 a 4500 | ||
|---|---|---|---|
| 001 | 000015246 | ||
| 005 | 20251203103301.0 | ||
| 008 | 100203s2003 dr 001 0 spa d | ||
| 020 | _a9993442194 | ||
| 040 |
_aDO-SdBNP _bspa _cBNPHU |
||
| 082 |
_aRD868.5 _bF356c, 2002 |
||
| 111 | 2 |
_aFeria Internacional del Libro de Santo Domingo _9370 |
|
| 245 | 1 | 0 |
_aColoquios 2002 / _cFernando Cabrera [et al. ] ; presentación Calos Esteban Deive. |
| 260 |
_aSanto Domingo : _bComisión Permanente de la Feria del Libro, _c2003. _fIsenia Gráfica |
||
| 300 |
_a248 p. ; _c22 cm. c. |
||
| 504 | _aIncluye bibliografía (p. 245 -248) | ||
| 650 | 4 |
_aLiteratura dominicana _vENSAYOS, CONFERENCIAS, ETC. _934502 |
|
| 650 | 4 |
_aLibros _xExposiciones _zRepública Dominicana _933375 |
|
| 650 | 4 |
_aLiteratura dominicana _xHistoria y crítica _9159 |
|
| 650 | 4 |
_aLiteratura venezolana _93816 |
|
| 700 | 1 |
_aCabrera, Fernando _934503 |
|
| 700 |
_aDeive, Carlos Esteban _epról. _934504 |
||
| 049 | _aBNPD | ||
| 999 |
_c14815 _d14815 |
||